Kształty państw śródziemnomorskich - Statystyki

Ogólne statystyki
  • Ten quiz został rozwiązany 6 670 razy
  • Średni wynik to 17 z 21
Statystyki odpowiedzi
Obrazkowy Odpowiedź % Poprawnych
Hiszpania
98%
Francja
96%
Grecja
96%
Włochy
96%
Chorwacja
95%
Egipt
94%
Turcja
94%
Cypr
90%
Maroko
87%
Libia
81%
Izrael
80%
Bośnia i Hercegowina
76%
Algieria
75%
Albania
73%
Malta
69%
Tunezja
69%
Monako
67%
Syria
64%
Czarnogóra
61%
Słowenia
58%
Liban
56%
Nie znaleziono quizów pasujących do podanych kryteriów
Rozkład punktacji
Procent ludzi z każdym wynikiem
Percentyl według liczby udzielonych odpowiedzi
Twoja historia wyników
Nie rozwiązałeś tego quizu